KFZ-Kennzeichen Schleswig-Holstein - Statistiken

Allgemein
  • Dieses Quiz wurde 109 mal gespielt
    53 seit der letzten Aktualisierung
  • Das Durchschnittsergebnis liegt bei 13 aus 17
Antwortstatistiken
Hint Antwort % Korrekt
FL Flensburg
100%
KI Kiel
100%
ECK Eckernförde
93%
IZ Itzehoe
88%
PLÖ Plön
86%
HEI Heide
81%
HL Lübeck
79%
RZ Ratzeburg
79%
SL Schleswig
77%
NMS Neumünster
74%
NF Nordfriesland
74%
PI Pinneberg
74%
RD Rendsburg
74%
SE Bad Segeberg
63%
OH Ostholstein
63%
OD Bad Oldesloe
49%
MED Meldorf
21%
Keine übereinstimmenden Quizze gefunden
Verteilung der Resultate
Anzahl Personen mit jedem Resultat
Perzentil nach korrekt beantworteten Fragen
Ihre Resultats-Entwicklung
Sie haben dieses Quiz seit der letzten Aktualisierung nicht gespielt